| 000 | 00675nam a2200205Ia 4500 | ||
|---|---|---|---|
| 003 | GCL | ||
| 008 | 140319s9999 xx 000 0 ara d | ||
| 040 |
_aGCL / _cGCL |
||
| 082 | 0 | 4 |
_a811.082 _bا ت |
| 100 | 1 | _aاحمد السيد احمد لطفى | |
| 245 | 1 | 0 |
_aتاريخ الشعر السياسى الى منتصف القرن العشرين / _cاحمد السيد احمد لطفى |
| 700 | 1 | _aاحمد الشائب | |
| 260 |
_a[S.N] : _bمكتبة النهضة المصرية ، _c1983 |
||
| 300 | _a414 ص | ||
| 490 | _a | ||
| 650 | 0 | 4 | _aالشعر العربى |
| 650 | 0 | 4 | _aالادب العربى |
| 650 | 0 | 4 | _aالشعر السياسى |
| 942 |
_2ddc _cBK |
||
| 999 |
_c30187 _d30187 |
||